000 01933cam a22003374a 4500
999 _c54517
_d54517
001 15194394
003 OSt
005 20190731160436.0
008 080226s2009 njua b 001 0 eng
010 _a 2008008548
020 _a9780135029336 (pbk.)
020 _a0135029333 (pbk.)
040 _aDLC
_cDLC
_dDLC
050 0 0 _aLB1028.5
_b.B35 2009
082 0 0 _a371.33/44678
_222
100 1 _aBarrett, Stacey.
245 1 0 _aPower up :
_ba practical student's guide to online learning /
_cStacey Barrett, Catrina Poe, Carrie Spagnola-Doyle.
260 _aUpper Saddle River, NJ :
_bPearson Prentice Hall,
_cc2009.
300 _axvi, 124 p. :
_bill. ;
_c24 cm.
504 _aIncludes bibliographical references (p. 119) and index.
505 0 _aIntroduction : looking at online learning -- Becoming an online learner -- Know thyself : self-discovery for the online learner -- Motivation and goal setting : overcoming obstacles -- The commitments of an online student : managing your priorities -- The online classroom and community -- Types of online classrooms -- Communicating online : who, what, when, how, and why -- Working in the online classroom -- Thinking and researching online -- Strategies for successful online learning -- Computer concerns -- Creating the ideal personalized study environment -- Preparing for the first day of school -- Maintaining your online success.
650 0 _aComputer-assisted instruction.
650 0 _aEducation
_xComputer network resources.
650 0 _aInternet in education.
700 1 _aPoe, Catrina.
700 1 _aSpagnola-Doyle, Carrie.
856 4 1 _3Table of contents only
_uhttp://www.loc.gov/catdir/toc/ecip0812/2008008548.html
906 _a7
_bcbc
_corignew
_d1
_eecip
_f20
_gy-gencatlg
942 _2lcc
_cBK